000
00276nam a22001217a 4500
008
170612b xxu||||| |||| 00| 0 eng d
041
_a
eng
080
_a
93
100
_a
19
101
_a
SHP
245
_a
AMERICAN AND SOVIET MILITARY TRENDS
_c
COLLINS, J.M
942
_2
udc
_c
BK
999
_c
16997
_d
16997